00342nam a2200133 a 450000500170000000800410001702000180005805000230007624500280009926000320012730000090015944000260016865000140019420140412111224.0100122s19uu xx 00 eng d a0-439-39539-9 aM 782.42bW93 2003 aClassic Lullaby Rhymes. aChina :bScholastic,c2003. aunp. aThe Real Mother goose aLullabies